000 00790nam a22001937a 4500
008 100204t1994xxu||||| |||| 00| 0 eng d
020 _a0273603477
082 _220
_a330.94
_bEUR
245 _aEuropean Community Economies :
_bA Comparative Study /
_cEdited by Frans Somers.
250 _a2nd ed.
_bContributors Ian Stone...[et al]
260 _aLondon :
_bPitman,
_cc1994.
300 _axiii,338p.:
_bill.maps;
_c24 cm.
504 _aIncludes bibliographical references and index.
650 0 _aEconomic conditions.
_911145
650 0 _aEurope.
_911146
700 1 _aSomers, Frans
_911147
942 _2ddc
_cBB
999 _c13326
_d13326